| 000 | 00942cam a2200277 4500 | ||
|---|---|---|---|
| 008 | 090401t1995 xxu||||| |||| 00| 0 eng d | ||
| 020 | _a0728202514 | ||
| 035 | _a(Sirsi) u34559 | ||
| 041 | _aeng | ||
| 050 | _a346.41032 | ||
| 100 | _aMurdoch, John | ||
| 245 | _aLaw of surveys and valuations. | ||
| 260 |
_aLondon _bEstates Gazette _c1995 |
||
| 300 | _axxv,253p. ; 21cm. | ||
| 350 | _a23 | ||
| 520 | _aDeals with the professional liability of surveyors and valuers with many references to law cases involving professional negligence. Also includes a chapter on professional indemnity insurance. | ||
| 650 | _aABOUT RICS-RICS MEMBERS | ||
| 650 | _aPROFESSIONAL INDEMNITY INSURANCE | ||
| 650 | _aPROFESSIONAL LIABILITY | ||
| 650 | _aPROFESSIONAL NEGLIGENCE | ||
| 650 |
_aValuation _96273 |
||
| 690 | _aMANAGEMENT-BUSINESS MANAGEMENT-PROFESSIONAL PRACTICE | ||
| 700 | _aMurrells, Paul | ||
| 942 | _n0 | ||
| 948 | _c04/03/1997 | ||
| 999 |
_c89962 _d89962 |
||